TV Show Locations Quiz Stats

 Plays Quiz not verified by Sporcle

Also try: TV Name Swap II
Challenge
Share
Tweet
Embed
Score 0/26 Timer 08:00
0 Plays Today
TV Show Location % Correct
FriendsManhattan, New York
91.5%
Full HouseSan Francisco, California
73.7%
King of the HillArlen, Texas
66.9%
The OfficeScranton, Pennsylvania
64.4%
Grey's AnatomySeattle, Washington
62.2%
ERChicago, Illinois
62.2%
Family GuyQuahog, Rhode Island
56.4%
SpongeBob SquarePantsBikini Bottom
48.9%
SmallvilleSmallville, Kansas
45.9%
M*A*S*H*Uijeongbu, South Korea
34.1%
The Suite Life of Zack and CodyBoston, Massachusetts
32.8%
Gilmore GirlsStars Hollow, Connecticut
26.1%
That 70's ShowPoint Place, Wisconsin
22.3%
TV Show Location % Correct
FrasierSeattle, Washington
21.1%
CheersBoston, Massachusetts
20.1%
True BloodBon Temps, Louisiana
18.3%
Boy Meets WorldPhiladelphia, Pennsylvania
11.5%
Dawson's CreekCapeside, Massachusetts
8.8%
GleeLima, Ohio
8.3%
One Tree HillTree Hill, North Carolina
7.8%
RoseanneLanford, Illinois
6.8%
The Facts of LifePeekskill, New York
4.8%
Friday Night LightsDillon, Texas
3.8%
Who's the Boss?Fairfield, Connecticut
3%
The Patridge FamilySan Pueblo, California
1.8%
Sabrina the Teenage WitchWestbridge, Massachusetts
0.5%

You're not logged in!

Compare scores with friends on all Sporcle quizzes.
OR
Log In

You Might Also Like...

Show Comments

Extras

Created Mar 9, 2010ReportNominate
Tags:Show Quiz, location

Top Quizzes Today


Score Distribution

Your Account Isn't Verified!

In order to create a playlist on Sporcle, you need to verify the email address you used during registration. Go to your Sporcle Settings to finish the process.

Report this User

Report this user for behavior that violates our Community Guidelines.

Details: